000 01158cam a2200361 i 4500
001 20008410
005 20260407072600.0
008 170919s2019 maua b 001 0 eng
010 _a 2017044948
020 _a9781284146530
035 _a20008410
035 _a(DNLM)101713071
040 _aDNLM/DLC
_cDLC
_erda
_dDLC
042 _apcc
050 0 0 _aRT89
_b.P67 2019
060 1 0 _aWY 105
082 0 0 _a610.73068
_223
100 1 _aPorter-O'Grady, Timothy,
_eauthor.
245 1 0 _aLeadership in nursing practice :
_bchanging the landscape of health care /
250 _aThird.
260 _aBurlington:
_bJones & Barrett Learning
_c2019
300 _axxvi, 623 pages :
_bcolor illustrations ;
_c23 cm
500 _aTim Porter-O'Grady's name appears first in previous edition.
504 _aIncludes bibliographical references and index.
650 1 2 _aNurse Administrators
650 1 2 _aLeadership
650 2 2 _aNursing
_xorganization & administration
650 2 2 _aProfessional Competence
700 1 _aWeberg, Daniel Robert,
_eauthor.
700 1 _aMangold, Kara,
_eauthor.
700 1 _aMalloch, Kathy,
_eauthor.
942 _2lcc
_cBK
999 _c60318
_d60318